Sports Quiz

Random Sports or Baseball Quiz
Score 0/67 Timer 10:00
0 Plays Today
Top-5's Player % Correct
4 timesMike Schmidt
99.1%
2 timesCal Ripken, Jr.
98.5%
3 timesAndre Dawson
98.1%
2 timesGeorge Brett
97.4%
2 timesRobin Yount
97.2%
5 timesEddie Murray
96.9%
2 timesGary Carter
95.1%
2 timesJim Rice
95%
2 timesRyne Sandberg
94.8%
3 timesDon Mattingly
94.7%
2 timesRickey Henderson
94.5%
2 timesDale Murphy
94.3%
1 time Paul Molitor
93.7%
2 timesKirby Puckett
93.1%
1 timeDarryl Strawberry
92.5%
3 timesWill Clark
92.3%
1 time Jack Clark
92.3%
2 timesKeith Hernandez
90.5%
1 timeWillie Hernandez
90.5%
1 time Ozzie Smith
90.5%
1 time Lonnie Smith
90.4%
1 timeDwight Gooden
90.1%
1 timeRoger Clemens
89%
1 timeReggie Jackson
86.7%
1 timeJose Canseco
86.6%
1 time Tim Raines
86.1%
1 timeDave Winfield
86.1%
2 timesDwight Evans
85.9%
1 timeWade Boggs
85.9%
3 timesGeorge Bell
85.6%
1 time Tony Gwynn
85.3%
1 time Glenn Davis
85.2%
3 timesCecil Cooper
81.8%
4 timesPedro Guerrero
81.5%
Top-5's Player % Correct
2 timesDennis Eckersley
80%
1 timeAlan Trammell
79.1%
1 timeHoward Johnson
78.8%
1 time Willie McGee
78.8%
2 timesDave Parker
77.8%
1 time Kevin Mitchell
76.1%
1 timeCarlton Fisk
75.6%
1 time Kirk Gibson
75.1%
1 time Kent Hrbek
74.3%
1 timeSteve Carlton
72.4%
1 time Jesse Barfield
72.4%
1 time Willie Wilson
71.9%
1 time Rollie Fingers
68.5%
1 time Fernando Valenzuela
65.8%
1 timeTim Wallach
64%
1 timeGeorge Foster
59.7%
1 time Andy Van Slyke
58.6%
1 time Hal McRae
57.7%
1 timeGoose Gossage
56.8%
1 time Bruce Sutter
56%
1 timeMike Greenwell
55.6%
1 timeTony Armas
55.4%
1 time Tom Herr
55.3%
1 timeJose Cruz
55.2%
1 timeRick Sutcliffe
54.6%
1 time Dan Quisenberry
52.2%
1 time Ruben Sierra
51.4%
1 timeKevin McReynolds
47.5%
1 timeDave Concepcion
45.6%
1 timeDoug DeCinces
38.6%
1 time Dusty Baker
35.1%
1 time Al Oliver
31.2%
1 timeGary Matthews
27.2%
Remove Ads.
Support Sporcle.
Get the best of Sporcle when you Go Orange. This ad-free experience offers more features, more stats, and more fun while also helping to support Sporcle. Thank you for becoming a member.

You're not logged in!

Compare scores with friends on all Sporcle quizzes.
OR
Log In

Show Comments

Extras

Top Quizzes Today


Score Distribution

Your Account Isn't Verified!

In order to create a playlist on Sporcle, you need to verify the email address you used during registration. Go to your Sporcle Settings to finish the process.

Report this User

Report this user for behavior that violates our Community Guidelines.

Details: